| 000 | 00517nam a2200145 a 4500 | ||
|---|---|---|---|
| 008 | 120416s1988 ||||||||||||||||| || u | ||
| 050 | _aHG 4011 Sch | ||
| 100 | _aSchall, Lawrence D | ||
| 245 | 1 | 0 | _aIntroduction to financial management. (5th ed.) |
| 250 | _a5th ed. | ||
| 260 |
_aNew York _bMcGraw-Hill _c1988 |
||
| 300 | _axvii, 856p. : ill. | ||
| 350 | _a0.00 | ||
| 995 |
_D0.00 _FCBU-MAIN LIBRARY (Kitwe) _H1 _I14.50 _M1 _ULOST _ZMain Library Open Access Collection |
||
| 999 |
_c47757 _d47757 |
||